000 00951cam a22002535a 4500
001 L158001
008 131003s2013 xxk f 000 0 eng d
020 _a9781848063365
035 _a(Sirsi) u158001
041 0 _aeng
100 1 _aCartwright, Paul
245 0 0 _aLessons from aimc4 for cost-effective fabric first, low energy housing
_bpart 2:supply chain development
260 _aWatford
_bBRE
_c2013
300 _a6p.
_bill.
_c30cm.
490 0 _aBRE Information Paper
_v(9/13)
520 _aFocuses on supply chain development, ranging from the initial search for suppliers for AIMC4 homes through to their selection, and inclding the development of a supply chain to help acheive cost-effective volume housebuilding using AIMC4 solutions
521 _aAdvanced
590 _aKA
650 2 4 _aLOW ENERGY, HOUSING
651 4 _aENGLAND AND WALES
690 _aAIMC4, LOW ENERGY HOUSING
700 1 _aGaze, Christopher
942 _n0
999 _c115067
_d115067